[Event "HUN-chT2 Asztalos 2324"]
[Site "Hungary"]
[Date "2024.05.12"]
[Round "9.5"]
[White "Matota, Kornel"]
[Black "Gal, Peter"]
[Result "0-1"]
[WhiteElo "1944"]
[BlackElo "2055"]
[PlyCount "90"]
[EventDate "2023.10.08"]
[EventType "team-tourn"]
[EventRounds "9"]
[EventCountry "HUN"]
[SourceTitle "EXT 2025"]
[Source "ChessBase"]
[SourceDate "2024.10.14"]
[SourceVersion "1"]
[SourceVersionDate "2024.10.14"]
[SourceQuality "1"]
[WhiteTeam "Kalocsai"]
[BlackTeam "Decs 1990"]
[WhiteTeamCountry "HUN"]
[BlackTeamCountry "HUN"]

1. d4 Nf6 2. Nf3 e6 3. c4 c5 4. Nc3 cxd4 5. Nxd4 a6 6. g3 Qc7 7. Qd3 Nc6 8. a3 Ne5 9. Qc2 Qxc4 10. e3 Qc7 11. Bg2 Be7 12. 0-0 d5 13. Bd2 0-0 14. Rac1 Nc4 15. Nb1 Qb6 16. Bc3 e5 17. Nf3 e4 18. Nd4 Ng4 19. Nd2 Qh6 20. Rfe1 Qxh2+ 21. Kf1 Ncxe3+ 22. fxe3 Qxg3 23. Nxe4 dxe4 24. Bxe4 Nh2+ 25. Ke2 Bg4+ 26. Kd3 Rad8 27. Rg1 Qe5 28. Qg2 f5 29. Bxb7 Bg5 30. Rce1 Bh4 31. Rc1 Rfe8 32. Kc2 Qxe3 33. Qxh2 Rxd4 34. Bxd4 Qxd4 35. Kb1 Re2 36. Qb8+ Kf7 37. Bxa6 Rd2 38. Bc4+ Kg6 39. Qe8+ Kh6 40. Qb5 Bf6 41. Rh1+ Kg5 42. Rc2 Rxc2 43. Kxc2 Qe4+ 44. Bd3 Qxh1 45. a4 Qd1# 0-1

[Event "HUN-chT2 Asztalos 2324"]
[Site "Hungary"]
[Date "2024.04.21"]
[Round "8.5"]
[White "Gal, Peter"]
[Black "Molnar, Aurel"]
[Result "1-0"]
[WhiteElo "2032"]
[BlackElo "2195"]
[PlyCount "39"]
[EventDate "2023.10.08"]
[EventType "team-tourn"]
[EventRounds "9"]
[EventCountry "HUN"]
[SourceTitle "EXT 2025"]
[Source "ChessBase"]
[SourceDate "2024.10.14"]
[SourceVersion "1"]
[SourceVersionDate "2024.10.14"]
[SourceQuality "1"]
[WhiteTeam "Decs 1990"]
[BlackTeam "Nagyatad"]
[WhiteTeamCountry "HUN"]
[BlackTeamCountry "HUN"]

1. d4 Nf6 2. Bg5 c5 3. Nc3 cxd4 4. Qxd4 Nc6 5. Qh4 a6 6. e4 e6 7. 0-0-0 b5 8. Nf3 Qa5 9. Bxf6 gxf6 10. Qxf6 Rg8 11. Ng5 Rg7 12. h4 Ra7 13. Kb1 b4 14. Ne2 Qe5 15. Qh6 d6 16. f4 Qc5 17. Nxh7 Rc7 18. Nxf8 Ne5 19. Rc1 Nd3 20. cxd3 1-0

[Event "HUN-chT2 Asztalos 2223"]
[Site "Hungary"]
[Date "2022.12.18"]
[Round "3.5"]
[White "Gal, Peter"]
[Black "Molnar, Aurel"]
[Result "1-0"]
[WhiteElo "2010"]
[BlackElo "2014"]
[PlyCount "97"]
[EventDate "2022.11.20"]
[EventType "team-tourn"]
[EventRounds "10"]
[EventCountry "HUN"]
[SourceTitle "EXT 2025"]
[Source "ChessBase"]
[SourceDate "2024.10.14"]
[SourceVersion "1"]
[SourceVersionDate "2024.10.14"]
[SourceQuality "1"]
[WhiteTeam "Decs 1990"]
[BlackTeam "Nagyatad"]
[WhiteTeamCountry "HUN"]
[BlackTeamCountry "HUN"]

1. d4 Nf6 2. c4 g6 3. Nc3 d5 4. cxd5 Nxd5 5. e4 Nxc3 6. bxc3 Bg7 7. Bc4 c5 8. Be3 0-0 9. Ne2 Nc6 10. 0-0 Qc7 11. Rc1 Rd8 12. h4 Na5 13. Bd3 b6 14. h5 e6 15. f4 f5 16. hxg6 hxg6 17. g4 Bb7 18. Ng3 Qe7 19. Bf2 cxd4 20. gxf5 exf5 21. exf5 dxc3 22. Qe2 Qxe2 23. Bxe2 gxf5 24. Nxf5 Bf6 25. Be3 Rac8 26. Kf2 Be4 27. Rg1+ Kf8 28. Bg4 Nc4 29. Ng3 Rd2+ 30. Bxd2 Bd4+ 31. Ke2 cxd2 32. Bxc8 dxc1Q 33. Rxc1 Nd6 34. Nxe4 Nxe4 35. Kd3 Ng3 36. Rc7 Bc5 37. Rxa7 Nh5 38. Ke4 Nf6+ 39. Kf5 Nd5 40. Be6 Ne7+ 41. Ke4 Kg7 42. Rc7 Kf6 43. f5 Bd6 44. Rc1 Bc5 45. a4 Nc6 46. Rxc5 bxc5 47. Kd5 Nb8 48. Kxc5 Ke5 49. a5 1-0

[Event "HUN-chT2 Asztalos 2122"]
[Site "Hungary"]
[Date "2021.12.19"]
[Round "4.3"]
[White "Remenyi, Szilard"]
[Black "Gal, Peter"]
[Result "0-1"]
[WhiteElo "1976"]
[BlackElo "2044"]
[PlyCount "72"]
[EventDate "2021.10.10"]
[EventType "team-tourn"]
[EventRounds "9"]
[EventCountry "HUN"]
[SourceTitle "EXT 2025"]
[Source "ChessBase"]
[SourceDate "2024.10.14"]
[SourceVersion "1"]
[SourceVersionDate "2024.10.14"]
[SourceQuality "1"]
[WhiteTeam "Racalmas Kiralysakk"]
[BlackTeam "Decs 1990"]
[WhiteTeamCountry "HUN"]
[BlackTeamCountry "HUN"]

1. e4 c5 2. Nf3 d6 3. d4 cxd4 4. Nxd4 Nf6 5. Nc3 a6 6. Be2 e5 7. Nb3 Be6 8. Be3 Nbd7 9. 0-0 b5 10. a3 Be7 11. Nc1 Rc8 12. Bf3 Nb6 13. Nd3 Nc4 14. Bc1 0-0 15. b3 Na5 16. Bb2 Nc6 17. Re1 Nd4 18. Rc1 a5 19. Nd5 Nxf3+ 20. Qxf3 Bxd5 21. exd5 e4 22. Bxf6 exf3 23. Bxe7 Qd7 24. Bxf8 Qg4 25. g3 Kxf8 26. Re3 g5 27. Ne1 Qd4 28. Rxf3 Qb2 29. Rd1 Qxa3 30. Kg2 Qb2 31. Rdd3 Re8 32. Rfe3 a4 33. bxa4 bxa4 34. Rxe8+ Kxe8 35. Rd1 a3 36. Nd3 Qxc2 0-1

[Event "HUN-chT2 Asztalos 0708"]
[Site "Hungary"]
[Date "2007.12.09"]
[Round "4"]
[White "Pais, Nimrod"]
[Black "Gal, Peter"]
[Result "0-1"]
[WhiteElo "2148"]
[BlackElo "2079"]
[PlyCount "54"]
[EventDate "2007.10.14"]
[EventType "team-tourn"]
[EventRounds "11"]
[EventCountry "HUN"]
[SourceTitle "EXT 2009"]
[Source "ChessBase"]
[SourceDate "2008.11.26"]
[SourceVersion "1"]
[SourceVersionDate "2008.11.26"]
[SourceQuality "1"]
[WhiteTeam "Fehervar"]
[BlackTeam "Szekszard"]
[WhiteTeamCountry "HUN"]
[BlackTeamCountry "HUN"]

1. d4 d5 2. Nf3 c6 3. e3 Nf6 4. c4 e6 5. a3 Nbd7 6. Nc3 Be7 7. Bd3 dxc4 8. Bxc4 b5 9. Bd3 Bb7 10. 0-0 a6 11. Qe2 c5 12. Rd1 Qb6 13. a4 c4 14. Bb1 b4 15. Na2 Qc6 16. a5 Qa4 17. Re1 b3 18. Qd1 Bc6 19. Bd2 bxa2 20. Bc2 Qb5 21. Rxa2 Ne4 22. Bc3 Qb7 23. d5 Bxd5 24. Bxg7 Rg8 25. Bd4 Nc3 26. Bxc3 Bxf3 27. Qd4 Rxg2+ 0-1

[Event "HUN-chT2 Maroczy 0607"]
[Site "Hungary"]
[Date "2007.05.20"]
[Round "11"]
[White "Kovacs, Tamas"]
[Black "Gal, Peter"]
[Result "1-0"]
[WhiteElo "2214"]
[BlackElo "2146"]
[PlyCount "115"]
[EventDate "2006.11.12"]
[EventType "team-tourn"]
[EventRounds "11"]
[EventCountry "HUN"]
[SourceTitle "EXT 2008"]
[Source "ChessBase"]
[SourceDate "2007.11.25"]
[SourceVersion "1"]
[SourceVersionDate "2007.11.25"]
[SourceQuality "1"]
[WhiteTeam "Sarospatak"]
[BlackTeam "Fuzesabony"]
[WhiteTeamCountry "HUN"]
[BlackTeamCountry "HUN"]

1. d4 g6 2. c4 Bg7 3. Nc3 b6 4. e4 Bb7 5. f4 e6 6. Nf3 Ne7 7. Bd3 f5 8. e5 Na6 9. 0-0 c6 10. Be3 Nc7 11. Ne1 h5 12. Be2 Ng8 13. Bf3 Nh6 14. h3 0-0 15. Nd3 Qe7 16. Qb3 Kh7 17. Rfd1 Qf7 18. Rac1 Ng8 19. a4 Rab8 20. Bf2 Ne7 21. Bh4 Bh6 22. Qa3 Nc8 23. g3 Re8 24. Qb3 Bf8 25. Rc2 Be7 26. Bxe7 Nxe7 27. d5 exd5 28. cxd5 Nexd5 29. Nb4 Re7 30. Ncxd5 Nxd5 31. Nxd5 cxd5 32. Rc7 d6 33. Rxb7 Rexb7 34. Bxd5 Qc7 35. Bxb7 Rxb7 36. Rxd6 Qc5+ 37. Kg2 Rc7 38. Rd8 Qc6+ 39. Kf2 Rg7 40. Qb4 Qh1 41. Qc3 Qxh3 42. e6 Qh2+ 43. Ke1 Qh1+ 44. Kd2 Qg2+ 45. Kc1 Qh1+ 46. Rd1 Qb7 47. Qe5 Qc6+ 48. Kb1 Qxa4 49. Rd8 Qc4 50. e7 Qf1+ 51. Ka2 Qc4+ 52. Ka3 b5 53. Rd4 b4+ 54. Ka4 Qa2+ 55. Kb5 b3 56. Qxg7+ Kxg7 57. e8Q a6+ 58. Kb6 1-0

[Event "HUN-chT2 Maroczy 0607"]
[Site "Hungary"]
[Date "2007.04.29"]
[Round "9"]
[White "Fodor, Tamas"]
[Black "Gal, Peter"]
[Result "1/2-1/2"]
[WhiteElo "2022"]
[BlackElo "2146"]
[PlyCount "95"]
[EventDate "2006.11.12"]
[EventType "team-tourn"]
[EventRounds "11"]
[EventCountry "HUN"]
[SourceTitle "EXT 2008"]
[Source "ChessBase"]
[SourceDate "2007.11.25"]
[SourceVersion "1"]
[SourceVersionDate "2007.11.25"]
[SourceQuality "1"]
[WhiteTeam "Koeszolg"]
[BlackTeam "Fuzesabony"]
[WhiteTeamCountry "HUN"]
[BlackTeamCountry "HUN"]

1. e4 g6 2. d4 Bg7 3. Nc3 b6 4. f4 Bb7 5. Nf3 e6 6. Be3 Ne7 7. Qd2 d5 8. e5 Nbc6 9. Be2 Qd7 10. Nd1 Nf5 11. g4 Nxe3 12. Nxe3 0-0-0 13. 0-0-0 Kb8 14. Rdg1 Bf8 15. h4 h5 16. gxh5 Rxh5 17. Ng5 Rh8 18. h5 Bh6 19. Ng4 Bxg5 20. fxg5 Ne7 21. h6 Nf5 22. c3 c5 23. Kb1 Qa4 24. Bd1 Qa5 25. Rh2 Rc8 26. Bc2 c4 27. Rf1 Rc7 28. Rhf2 Bc8 29. Ne3 Qb5 30. Ng2 Qe8 31. Rf3 a6 32. Ka1 Ka7 33. Qf4 Qe7 34. Ne1 Kb7 35. R3f2 Bd7 36. Nf3 Bc8 37. Re1 Bd7 38. Rfe2 Bc8 39. a3 b5 40. Nh2 Kb6 41. Kb1 a5 42. Kc1 b4 43. axb4 axb4 44. Kd2 Ra7 45. Rb1 b3 46. Bxf5 exf5 47. Nf3 Be6 48. Ke3 1/2-1/2

[Event "IECG CA.2006.0.00177 email"]
[Site "IECG email"]
[Date "2006.09.20"]
[Round "?"]
[White "Carroll, Patrick J"]
[Black "Gal, Peter"]
[Result "1/2-1/2"]
[WhiteElo "2189"]
[BlackElo "2049"]
[PlyCount "67"]
[EventDate "2006.09.20"]
[EventType "tourn (corr)"]
[EventRounds "6"]
[SourceTitle "Corr 2008"]
[Source "ChessBase"]
[SourceDate "2008.06.24"]
[SourceVersion "1"]
[SourceVersionDate "2008.06.24"]
[SourceQuality "1"]

1. e4 e6 2. d4 d5 3. Nc3 Bb4 4. e5 c5 5. a3 Ba5 6. b4 cxd4 7. Nb5 Bc7 8. f4 Ne7 9. Nf3 Nbc6 10. Bd3 Nf5 11. Bb2 0-0 12. Qd2 Bb6 13. Bxf5 exf5 14. 0-0 d3+ 15. Kh1 dxc2 16. Qxc2 a5 17. Nd6 axb4 18. axb4 Rxa1 19. Rxa1 Nxb4 20. Qb3 Bc5 21. Ra8 Qc7 22. Ba3 Na6 23. h3 h6 24. Bxc5 Nxc5 25. Qa3 Ne4 26. Nxf5 Rd8 27. Qe7 Qc1+ 28. Kh2 Qxf4+ 29. Kg1 Qc1+ 30. Kh2 Rf8 31. N3d4 Nd2 32. g4 Ne4 33. e6 Qd2+ 34. Kg1 1/2-1/2

[Event "IECG CA.2006.0.00177 email"]
[Site "IECG email"]
[Date "2006.09.20"]
[Round "?"]
[White "Gal, Peter"]
[Black "Herzog, Klaus"]
[Result "1/2-1/2"]
[WhiteElo "2049"]
[BlackElo "2004"]
[PlyCount "67"]
[EventDate "2006.09.20"]
[EventType "tourn (corr)"]
[EventRounds "6"]
[SourceTitle "Corr 2011"]
[Source "ChessBase"]
[SourceDate "2010.08.31"]
[SourceVersion "1"]
[SourceVersionDate "2010.08.31"]
[SourceQuality "1"]

1. Nc3 d5 2. d4 Bf5 3. f3 Bg6 4. e4 dxe4 5. fxe4 e5 6. Nf3 exd4 7. Qxd4 Nc6 8. Bb5 Qxd4 9. Nxd4 Nge7 10. Be3 0-0-0 11. 0-0-0 Nxd4 12. Rxd4 Rxd4 13. Bxd4 c6 14. Be2 Ng8 15. Bxa7 Bd6 16. Bd4 f6 17. g3 Nh6 18. Rd1 Bb4 19. Bf3 Re8 20. a3 Bxc3 21. Bxc3 Bxe4 22. Re1 Bg6 23. Rxe8+ Bxe8 24. Bd4 Bd7 25. Bg2 Nf5 26. Bb6 Be6 27. b3 h5 28. c4 h4 29. g4 Nd6 30. h3 f5 31. g5 Ne4 32. g6 Bd7 33. Bd4 Be8 34. Bxe4 1/2-1/2